Slovenský robotník (Slovenský kresťanský socialista)
Týždenník pre robotníkov, ktorý vychádzal v náklade 58 800 exemplárov. Okrem ideologických príspevkov a besedníc uverejňoval materiály na sociálne témy. Príspevky zoskupoval do rubrík: Z nášho hnutia, Rozličné zprávy, Sociálne poistenie, Listy robotníkov. Bol to prakticky orgán Slovenského kresťansk...
| Previous Title: | Slovenský kresťanský socialista |
|---|---|
| Corporate Authors: | , |
| Other Authors: | |
| Format: | Journal |
| Language: | Slovak |
| PhysicalDescription: | 13 zv. 46 x 13 cm |
| Published: |
Bratislava
Slovenské kresťansko-sociálne odborové sdruženie, Ústredie
1933-1945
Bratislava Rudo Čavojský Bratislava Sdruženie príslušníkov priemyslu, živností a peňažníctva |
| Subjects: |
MARC
| LEADER | 00000cas a2200000 a 4500 | ||
|---|---|---|---|
| 001 | vtls010300481 | ||
| 003 | SK-MaSNL | ||
| 005 | 20260228161727.0 | ||
| 008 | 110810d19331945xo wr|p r 0 b0slo | ||
| 040 | |a SNK |b slo |c SNK |e AACR2 | ||
| 041 | 0 | |a slo | |
| 044 | |a xo |c SK | ||
| 072 | 7 | |a 36 |x Zaistenie duševných a materiálnych potrieb |2 konspekt | |
| 072 | 7 | |a 331 |x Práca |2 konspekt | |
| 080 | |a 36 |2 2011 | ||
| 080 | |a 351.752.17(051) |2 2011 | ||
| 080 | |a 050 |2 2011 | ||
| 080 | |a 331.105.44 |2 2011 | ||
| 245 | 0 | 0 | |a Slovenský robotník |b (Slovenský kresťanský socialista) |
| 260 | |a Bratislava |b Slovenské kresťansko-sociálne odborové sdruženie, Ústredie |c 1933-1945 | ||
| 260 | 2 | |3 6/1935-49/1942 |a Bratislava |b Rudo Čavojský | |
| 260 | 3 | |3 50/1942-5/1945 |a Bratislava |b Sdruženie príslušníkov priemyslu, živností a peňažníctva | |
| 300 | |a 13 zv. |c 46 x 13 cm | ||
| 310 | |a 1x týždenne |b 6/1935-5/1945 | ||
| 321 | |a 2x mesačne |b 6/1934-5/1935 | ||
| 321 | |a 1x mesačne |b 2/1933-5/1934 | ||
| 321 | |a 2x mesačne |b 1/1933 | ||
| 362 | 0 | |a Roč. XIII, č. 1 (15.1.1933)-roč. XXII [XXIV], č. 5 (1945) | |
| 500 | |a Od č 47 (20.11.1943) vychádza vo formáte 46 x 13 cm ; od r. 1939 51 x 35 cm | ||
| 500 | |a Hlav. red. Rudo Čavojský. Zodp. red. Rudo Čavojský. Red. od č. 2 (15. febr. 1933) Rudo Čavojský. Spolured. Jano Mora ; od č. 1 (1939) red. a za red. zodp. Rudo Čavojský (do č. 12 (19.3.1941)] ; spolured. Jano Mora [do č. 12 (19.3.1941)] ; za red. zodp. Alfréd Engelmann [od č. 13 (Veľká noc 1941) - do č. 11 (19.3.1942)] ; Jan Mikula [od č. 12 (26.3.1942)] | ||
| 500 | |a Tlač. Kníhtlačiareň Sv. Andreja ; od č. 1 (15. jan. 1935) Kníhtlačiareň Andreja | ||
| 500 | |a Od č. 1/1939 bez podnázvu | ||
| 520 | |a Týždenník pre robotníkov, ktorý vychádzal v náklade 58 800 exemplárov. Okrem ideologických príspevkov a besedníc uverejňoval materiály na sociálne témy. Príspevky zoskupoval do rubrík: Z nášho hnutia, Rozličné zprávy, Sociálne poistenie, Listy robotníkov. Bol to prakticky orgán Slovenského kresťanského sociálneho odborového sdruženia | ||
| 580 | |a Pokračovanie časopisu Slovenský kresťanský socialista | ||
| 650 | 0 | 7 | |a sociálna politika |2 SNKPH |9 2333 |
| 650 | 0 | 7 | |a odbory |2 SNKPH |9 2328 |
| 655 | 7 | |a časopisy záujmových združení a spolkov |2 SNKPH |9 141943 | |
| 700 | 1 | |a Čavojský, Rudolf, |d 1901-1983 |4 pbd |4 red |9 39103 | |
| 700 | 1 | |a Mora, Jano |4 red |9 269391 | |
| 700 | 1 | |a Engelmann, Alfréd, |d 1916-1988 |4 red |9 8534 | |
| 700 | 1 | |a Mikula, Jan |4 red |9 6564 | |
| 710 | 2 | |a Slovenské kresťansko-sociálne odborové sdruženie (Bratislava) |4 pbl |9 269392 | |
| 710 | 0 | |a Čavojský, Rudo |4 pbl |9 269393 | |
| 710 | 2 | |a Andrej (Bratislava) |4 prt |9 269283 | |
| 710 | 2 | |a Andrej, úč. spol. (Bratislava) |4 prt |9 269394 | |
| 710 | 2 | |a Združenie príslušníkov priemyslu, živností a peňažníctva (Bratislava) |4 pbl |9 269395 | |
| 780 | 0 | 0 | |t Slovenský kresťanský socialista |w vtls010298563 |
| 910 | |a snk | ||
| 999 | |c 5970 |d 7900 | ||
| 952 | |0 0 |1 0 |4 0 |7 0 |8 5 |a SNK |b SNK |d 2013-07-08 |i snkČSF 1101/58 |l 0 |o snkČSA 78/18/1939 D1 |p 17A1022633 |r 2026-02-21 20:51:03 |t č. 1-52 |w 2026-02-21 |y PREZ | ||
| 952 | |0 0 |1 0 |4 0 |7 0 |8 5 |a SNK |b SNK |d 2013-07-08 |i snkČSF 1102/58 |l 0 |o snkČSA 78/19/1940 D1 |p 17A1022634 |r 2026-02-21 20:51:03 |t č. 1-53 |w 2026-02-21 |y PREZ | ||
| 952 | |0 0 |1 0 |4 0 |7 0 |8 5 |a SNK |b SNK |d 2013-07-08 |i snkČSF 1103/58 |l 0 |o snkČSA 78/20/1941 D1 |p 17A1022680 |r 2026-02-21 20:51:03 |t č. 1-50 |w 2026-02-21 |y PREZ | ||
| 952 | |0 0 |1 0 |4 0 |7 0 |8 5 |a SNK |b SNK |d 2013-07-08 |i snkČSF 1104/58 |l 0 |o snkČSA 78/20[21]/1942 D1 |p 17A1022252 |r 2026-02-21 20:51:03 |t č. 1-51 |w 2026-02-21 |y PREZ | ||
| 952 | |0 0 |1 0 |4 0 |7 0 |a SNK |b SNK |d 1998-11-20 |l 0 |o snkČSA 78/16/1/1936 |p 17A0170435 |r 2005-01-02 00:00:00 |t č. 1-53 |w 2026-02-21 |y PREZ | ||
| 952 | |0 0 |1 0 |4 0 |7 0 |a SNK |b SNK |d 1998-11-20 |l 0 |o snkČSA 78/15/1935 |p 17A0170376 |r 2005-01-02 00:00:00 |t č. 1-43 |w 2026-02-21 |y PREZ | ||
| 952 | |0 0 |1 0 |4 0 |7 0 |a SNK |b SNK |d 1998-11-20 |l 0 |o snkČSA 78/21[23]/1944 |p 17A0170468 |r 2005-01-02 00:00:00 |t č. 1-51 |w 2026-02-21 |y PREZ | ||
| 952 | |0 0 |1 0 |4 0 |7 0 |a SNK |b SNK |d 1998-11-20 |l 0 |o snkČSA 78/14/1934 |p 17A0170547 |r 2005-01-02 00:00:00 |t č. 1-17 |w 2026-02-21 |y PREZ | ||
| 952 | |0 0 |1 0 |4 0 |7 0 |a SNK |b SNK |d 1998-11-20 |l 0 |o snkČSA 78/20[22]/1943 |p 17A0170433 |r 2005-01-02 00:00:00 |t č. 1-52 |w 2026-02-21 |y PREZ | ||
| 952 | |0 0 |1 0 |4 0 |7 0 |a SNK |b SNK |d 1998-11-20 |l 0 |o snkČSA 78/13/1933 |p 17A0170491 |r 2005-01-02 00:00:00 |t č. 1-12 |w 2026-02-21 |y PREZ | ||
| 952 | |0 0 |1 0 |4 0 |7 0 |a SNK |b SNK |d 1998-11-20 |l 0 |o snkČSA 78/16/2/1937 |p 17A0170457 |r 2005-01-02 00:00:00 |t č. 1-52 |w 2026-02-21 |y PREZ | ||
| 952 | |0 0 |1 0 |4 0 |7 0 |a SNK |b SNK |d 1998-11-20 |l 0 |o snkČSA 78/18/1939 |p 17A0170548 |r 2005-01-02 00:00:00 |t č. 1-52 |w 2026-02-21 |y PREZ | ||
| 952 | |0 0 |1 0 |4 0 |7 0 |a SNK |b SNK |d 1998-11-20 |l 0 |o snkČSA 78/17/1938 |p 17A0170549 |r 2005-01-02 00:00:00 |t č. 1-51 |w 2026-02-21 |y PREZ | ||
| 952 | |0 0 |1 0 |4 0 |7 0 |a SNK |b SNK |d 1998-11-20 |l 0 |o snkČSA 78/19/1940 |p 17A0170492 |r 2005-01-02 00:00:00 |t č. 1-53 |w 2026-02-21 |y PREZ | ||
| 952 | |0 0 |1 0 |4 0 |7 0 |a SNK |b SNK |d 1998-11-20 |l 0 |o snkČSA 78/20/1941 |p 17A0170479 |r 2005-01-02 00:00:00 |t č. 1-50 |w 2026-02-21 |y PREZ | ||
| 952 | |0 0 |1 0 |4 0 |7 0 |a SNK |b SNK |d 1998-11-20 |l 0 |o snkČSA 78/20[21]/1942 |p 17A0170481 |r 2005-01-02 00:00:00 |t č. 1-51 |w 2026-02-21 |y PREZ | ||


